000 00900nam a2200253Ia 4500
003 OSt
005 20220923212918.0
006 a|||||r|||| 00| 0
007 ta
008 220922b |||||||| |||| 00| 0 hin d
024 _a156,901
037 _cTextual
040 _aARTS
_cARTS
_bhin
041 _2hin
_ahin
082 _aO152:g, L7
100 _aभगवतीप्रसाद सिंह
245 0 _aहिन्दी साहित्य
_b अनिर्दिष्ट शोध-भूमियॉं
246 _aHindī sāhitya: anirdiṣhṭa shodha-bhūmiyaॉan
260 _aदिल्ली
_b राजकमल प्रकाशन
_c1977
300 _a219 पृ.
_ccm.
650 _aहिन्दी साहित्य
_9156264
942 _hO152:g, L7
_cTEXL
_2CC
999 _c312118
_d312118